000 00477nam a2200169Ia 4500
008 240729s9999 xx 000 0 und d
022 _a2090-5955
245 0 _aJournal of the Egyptian Society of Tribology
260 _aEgypt
260 _bEgyptian Society of Tribology
650 _a secret, benevolent, etc.
650 _a Societies
650 _aSocial Sciences
856 _uhttps://doaj.org/toc/5e22060c8fe04a3cbc62ee0801f8c513
942 _2ddc
942 _cDOAJEJ
999 _c74662
_d74662
945 _a1
_bMadushi Gamage
_c1
_dMadushi Gamage